000 00556nam a22001817a 4500
003 OSt
005 20260427053922.0
008 260427b |||||||| |||| 00| 0 eng d
020 _a978-971-06-3601-3
040 _aDWCL Main Lib.
_cOC
082 _aFil. 810 R763e 2014
245 _aExploring life through English literature /
260 _aQuezon City :
_bPhoenix Publishing House,
_cc2014.
300 _axii, 318 pages :
_billustrations ;
_c25 cm.
504 _aIncludes bibliography.
650 _a1. American literature.
942 _2ddc
_cBK - FIL
_n0
999 _c9925
_d9925